Języki, dialekty i gwary Polski - Statystyki

Ogólne statystyki
  • Ten quiz został rozwiązany 204 razy
  • Średni wynik to 7 z 19
Statystyki odpowiedzi
Odpowiedź % Poprawnych
Kaszubski
93%
Polski
89%
Śląski
88%
Wielkopolski
56%
Małopolski
51%
Mazowiecki
51%
Śląska
38%
Warszawska
38%
Podlaska
37%
Poznańska
36%
Krakowska
34%
Podhalańska
26%
Chełmińsko-kociewsko-warmiński
20%
Białostocka
11%
Łowicka
9%
Północnokresowy
7%
Południowokresowy
7%
Żywiecka
4%
Sądecka
1%
Nie znaleziono quizów pasujących do podanych kryteriów
Rozkład punktacji
Procent ludzi z każdym wynikiem
Percentyl według liczby udzielonych odpowiedzi
Twoja historia wyników
Nie rozwiązałeś tego quizu